Najmniejszy powiat w każdym województwie - Statystyki

Ogólne statystyki
  • Ten quiz został rozwiązany 79 razy
  • Średni wynik to 14 z 16
Statystyki odpowiedzi
Powierzchnia km² Województwo Powiat % Poprawnych
149 opolskie Opole
93%
28 pomorskie Sopot
93%
110 świętokrzyskie Kielce
92%
86 lubuskie Gorzów Wielkopolski
90%
56 dolnośląskie Legnica
90%
30 lubelskie Zamość
90%
80 warmińsko-mazurskie Elbląg
89%
98 zachodniopomorskie Koszalin
89%
57 małopolskie Nowy Sącz
89%
58 kujawsko-pomorskie Grudziądz
88%
32 wielkopolskie Leszno
86%
35 łódzkie Skierniewice
86%
44 podkarpackie Krosno
85%
33 podlaskie Łomża
85%
13 śląskie Świętochłowice
85%
29 mazowieckie Ostrołęka
84%
Nie znaleziono quizów pasujących do podanych kryteriów
Rozkład punktacji
Procent ludzi z każdym wynikiem
Percentyl według liczby udzielonych odpowiedzi
Twoja historia wyników
Nie rozwiązałeś tego quizu